[Event "BIH-chT 12th"]
[Site "Sarajevo"]
[Date "2013.06.18"]
[Round "4.4"]
[White "Goric, Esad"]
[Black "Bilic, Vladimir"]
[Result "1/2-1/2"]
[WhiteElo "2321"]
[BlackElo "2290"]
[PlyCount "210"]
[EventDate "2013.06.15"]
[EventType "team-tourn"]
[EventRounds "9"]
[EventCountry "BIH"]
[SourceTitle "CBM 155 Extra"]
[Source "ChessBase"]
[SourceDate "2013.08.26"]
[SourceVersion "1"]
[SourceVersionDate "2013.08.26"]
[SourceQuality "1"]
[WhiteTeam "Prijedor Rudar"]
[BlackTeam "Sokolac Glasinac"]
[WhiteTeamCountry "BIH"]
[BlackTeamCountry "BIH"]

1. g3 d5 2. Bg2 c6 3. c4 Nf6 4. Qc2 g6 5. Nf3 Bg7 6. 0-0 0-0 7. d3 Na6 8. a3 dxc4 9. Qxc4 Be6 10. Qc2 Qa5 11. Ng5 Bd7 12. Bd2 Qc7 13. Nc3 c5 14. Rac1 Rac8 15. Bf4 e5 16. Bd2 Bc6 17. Nge4 Qd7 18. Nxf6+ Bxf6 19. Bxc6 Rxc6 20. Qa4 Bg7 21. Ne4 Rd8 22. b4 cxb4 23. Rxc6 Qxc6 24. Qxc6 bxc6 25. axb4 Bf8 26. Ra1 Nxb4 27. Rxa7 Nd5 28. Ng5 Ne7 29. Bc3 h6 30. Ne4 f5 31. Nf6+ Kf7 32. Nd7 e4 33. dxe4 fxe4 34. Nxf8 Rxf8 35. Bb4 Re8 36. Rc7 Ke6 37. Bxe7 Rxe7 38. Rxc6+ Kf5 39. Kg2 h5 40. h4 Ra7 41. Rc8 Ra2 42. Rf8+ Ke6 43. e3 Ra1 44. Rf4 Ke5 45. g4 hxg4 46. Rxg4 Kf5 47. Rg5+ Kf6 48. Rb5 Re1 49. Kg3 Re2 50. Rb8 Kf5 51. Rf8+ Ke5 52. Kg4 Re1 53. Re8+ Kd5 54. Kf4 Rh1 55. Kg3 Rg1+ 56. Kh2 Rg4 57. Kh3 Rg1 58. Rf8 Ke5 59. Rf4 Rh1+ 60. Kg2 Ra1 61. h5 gxh5 62. Rh4 Ra8 63. Rxh5+ Ke6 64. Rg5 Rf8 65. Rg4 Ke5 66. Kf1 Rf7 67. Rg5+ Ke6 68. Ra5 Rf8 69. Ke2 Rf7 70. Ra8 Ke5 71. Rh8 Rf6 72. Rh3 Rf8 73. Kf1 Rf7 74. Rg3 Rf8 75. Ke2 Rf7 76. Rg5+ Ke6 77. Ra5 Rf8 78. Rh5 Rf7 79. Rh2 Ke5 80. Kd2 Rc7 81. Rh8 Rf7 82. Re8+ Kd5 83. Ke1 Rf6 84. Rc8 Rf7 85. Rc2 Rf8 86. Kd1 Rf7 87. Kc1 Rf8 88. Kd1 Rf7 89. Ke2 Rf8 90. Rc7 Ke5 91. Rh7 Kd5 92. Rh5+ Ke6 93. Ra5 Rf7 94. Kd2 Rxf2+ 95. Kc3 Rh2 96. Kd4 Rh4 97. Re5+ Kd6 98. Re8 Rg4 99. Rh8 Ke6 100. Rh6+ Ke7 101. Ke5 Rg5+ 102. Kxe4 Ra5 103. Rc6 Rh5 104. Ra6 Rb5 105. Kf4 Rh5 1/2-1/2